| 000 | 00451cam a2200193ua 4500 | ||
|---|---|---|---|
| 001 | 3983 | ||
| 005 | 20260515113751.0 | ||
| 008 | 111212n ii |||gr||||Z||||||asm | ||
| 040 | _cMAIN | ||
| 082 | _a891.4511 | ||
| 100 | 1 | _aChoudhury, Ambikagiri Rai, | |
| 245 | 1 | 1 |
_aTumi _cby Ambikagiri Rai Choudhury |
| 250 | _a7th. | ||
| 260 |
_aGuwahati: _bGranthaloi,974. |
||
| 300 |
_a70p: _c23cm. |
||
| 653 | _aAssamese poem | ||
| 653 | _aTumi | ||
| 942 | _cBK | ||
| 999 |
_c3803 _d3803 |
||